00177nam a2200073Ia 4500008004100000020001800041100001700059245002700076230331s9999 xx 000 0 und d a9781868423491 aSMITH, JANET 0aHANI: A LIFE TOO SHORT